00590nam a2200205 a 4500001001300000003000900013005001700022008004100039020002300080082001900103100002100122245004300143260004100186300000900227500003500236505004400271650002400315650002400339700002100363nice12345678IN_TiNIC20260116013925.0050524s1996 newa grp 000 0 eng  a8170362 c49500a305.40954bUBE aUberoi, Patricia aSocial Reform, Sexuality and the State aNew Delhi bSage Publications c1996 a404p aincludes index and biblioraphy2 aNotes, Bibliography, Index and Glossary aWomen-India-History aIndia-Social Policy1 aUberoi, Patricia